LEADER 01239nam a22002171i 4500 001 991002910609707536 005 20030817145931.0 008 030925s195u it |||||||||||||||||ita 035 $ab12353899-39ule_inst 035 $aARCHE-040143$9ExL 040 $aBiblioteca Interfacoltà$bita$cA.t.i. Arché s.c.r.l. Pandora Sicilia s.r.l. 110 2 $aUniversità degli Studi $0219541 245 10$aStatuto :$bapprovato con R. D. 20 aprile 1939 n. 1058, modificato con Rr. Dd. 5 ottobre 1939 n. 1847, 26 ottobre 1940 n. 2058, 16 marzo 1942 n. 323, 24 ottobre 1942 n. 1597, e con Dd. Pp. 23 settembre 1949 n. 932, 31 ottobre 1950 n. 1308, 11 aprile 1951 n. 953, 25 luglio 1952 n. 1501, 26 ottobre 1952 n. 4529, 10 febbraio 1953 n. 384, 30 luglio 1953 n. 715, 24 settembre 1954 n. 1205, 14 marzo 1955, n. 345 /$cUniversità di Padova 260 $aPadova :$bTip. del Seminario,$c[195.] 300 $a131 p. ;$c19 cm 907 $a.b12353899$b02-04-14$c08-10-03 912 $a991002910609707536 945 $aLE002 Busta A 92/2 (Fondo Codacci-Pisanelli)$g1$i2002000104656$lle002$o-$pE0.00$q-$rn$so $t0$u0$v0$w0$x0$y.i12758048$z08-10-03 996 $aStatuto$9158187 997 $aUNISALENTO 998 $ale002$b08-10-03$cm$da $e-$fita$git $h0$i1 LEADER 01011nam0-2200301 --450 001 9910411260203321 005 20240219111839.0 010 $a978-88-93915-45-8 100 $a20200806d2019----km y0itay50 ba 101 0 $aita 102 $aIT 105 $ay 001yy 200 1 $aCollaborare nell'interesse pubblico$eperché passare dai modelli antagonisti agli accordi collaborativi$fSara Valaguzza 210 $aNapoli$cEditoriale scientifica$d2019 215 $a65 p.$d21 cm 225 1 $aStudi tecnici e giuridici$fCentre of construction law and management$v2 610 0 $aContratti pubblici$aPrincipio di leale collaborazione$aItalia 676 $a346.45023$v23$zita 700 1$aValaguzza,$bSara$0431706 801 0$aIT$bUNINA$gREICAT$2UNIMARC 901 $aBK 912 $a9910411260203321 952 $aIX C 79$b1726/2020$fFSPBC 952 $aBUSTA 3 (26) 18$b2020/129$fFGBC 959 $aFGBC 959 $aFSPBC 996 $aCollaborare nell'interesse pubblico$91754558 997 $aUNINA